| 000 | 00000nas##2200000za#4500 |
| 001 | 9.514398 |
| 003 | CaOODSP |
| 005 | 20200325125514 |
| 007 | ta |
| 008 | 150406c2000||||xxc|| m #||||f| |0eng|d |
| 040 | |aCaOODSP|beng |
| 043 | |an-cn--- |
| 086 | 1 |aA21-46E |
| 110 | 1 |aCanada.|bAgriculture and Agri-Food Canada. |bPolicy Branch. |
| 245 | 10|aCanadian rural partnership research / |cIssued by the Rural Secretariat. |
| 260 | |aOttawa - Ontario : |bAgriculture and Agri-Food Canada. |
| 563 | |aSpiral binding |
| 775 | 08|tRecherche dans le cadre du partenariat rural canadien / |w(CaOODSP)9.512823 |
| 776 | 0#|tCanadian rural partnership research |w(CaOODSP)9.506103 |